| 000 | 01057nam0a2200313 4500 | ||
|---|---|---|---|
| 001 | RU\NLR\bibl\1415430 | ||
| 005 | 20251222111231.0 | ||
| 010 |
_a5-7082-0290-4 _9100 |
||
| 021 |
_aRU _b2009-57560 _93550 |
||
| 035 | _a(NLR Aleph) 001407397 | ||
| 090 |
_a1260726 _c1260726 |
||
| 100 | _a20090922d2009 u y0rusy50 ca | ||
| 101 | 0 | _arus | |
| 102 | _aRU | ||
| 105 | _ay ||||||||| | ||
| 200 | 1 |
_aЗеркало Пугачева _eроман _fРуслана Ляшева |
|
| 210 |
_aМосква _cНовый ключ _d2009 |
||
| 215 |
_a275 с. _d21 |
||
| 606 | 1 |
_aКрестьянская война под предводительством Пугачева _xв художественной литературе _z1773 - 1775 _91396252 _3RU\NLR\AUTH\66587304 |
|
| 686 | _aШ6(2=Р)8-442 | ||
| 700 | 1 |
_aЛяшева _bР. П. _gРуслана Петровна _4070 |
|
| 801 | 0 |
_aRU _bNLR _c20090922 _gRCR |
|
| 801 | 1 |
_aRU _bNLR _c20090922 |
|
| 830 | _aпо кн | ||
| 942 | _cBOOK | ||
| 980 | _aNB | ||